| 000 | 00837nam a2200217 i 4500 | ||
|---|---|---|---|
| 001 | 172587 | ||
| 003 | ES-MaACL | ||
| 005 | 20250928103353.0 | ||
| 008 | 090723s1926 sp |||| | spa d | ||
| 080 | _a821.134.2 | ||
| 080 | _a811.134.2 | ||
| 110 | 2 |
_aReal Academia Española _96336 |
|
| 245 | 1 | 0 |
_aMemorias de la Real Academia Española, _f1926 / _cReal Academia Española. |
| 260 |
_aMadrid : _b[s.n.], _c1926 ( _fTip. de la Revista de Archivos, Bibliotecas y Museos) |
||
| 300 |
_a1 v. ; _c24 cm. |
||
| 505 | 8 |
_aContiene: T XIII ; _tNoticias y documentos relativos a la historia de la literatura española / _rCristóbal Pérez Pastor (491 p.). |
|
| 650 | 4 |
_aLiteratura española- _xHistoria y crítica _914560 |
|
| 700 | 1 |
_aPérez Pastor, Cristóbal, _d1833-1908 _991076 |
|
| 852 |
_aES-MaACL _jK-171 |
||
| 999 |
_c172587 _d172587 |
||